Технология и установки переработки нефти и газа
Пособие разработано в соответствии с Федеральным государственным образовательным стандартом и программой учебного междисциплинарного курса «Технология и установки переработки нефти и газа», входящего в профессиональный модуль базового уровня обучения ПМ 02 «Ведение технологического процесса на устан...
Gespeichert in:
| 1. Verfasser: | |
|---|---|
| Format: | Книга |
| Sprache: | Russian |
| Veröffentlicht: |
Санкт-Петербург
Лань
2022
|
| Ausgabe: | 2-е изд., стер. |
| Schlagworte: | |
| Online Zugang: | https://e.lanbook.com/book/197697 https://e.lanbook.com/img/cover/book/197697.jpg |
| Tags: |
Tag hinzufügen
Keine Tags, Fügen Sie den ersten Tag hinzu!
|
| LEADER | 02863nam0a2200289 i 4500 | ||
|---|---|---|---|
| 001 | 197697 | ||
| 003 | RuSpLAN | ||
| 005 | 20221220174141.0 | ||
| 008 | 221220s2022 ru gs 000 0 rus | ||
| 020 | |a 978-5-8114-9680-8 | ||
| 040 | |a RuSpLAN | ||
| 041 | 0 | |a rus | |
| 044 | |a ru | ||
| 080 | |a 35.514я723 | ||
| 084 | |a 665.6 |2 rubbk | ||
| 245 | 0 | 0 | |a Технология и установки переработки нефти и газа |c Агибалова Н. Н. |
| 250 | |a 2-е изд., стер. | ||
| 260 | |a Санкт-Петербург |b Лань |c 2022 | ||
| 300 | |a 308 с. | ||
| 504 | |a Библиогр.: доступна в карточке книги, на сайте ЭБС Лань | ||
| 520 | 8 | |a Пособие разработано в соответствии с Федеральным государственным образовательным стандартом и программой учебного междисциплинарного курса «Технология и установки переработки нефти и газа», входящего в профессиональный модуль базового уровня обучения ПМ 02 «Ведение технологического процесса на установках I и II категорий». В книге изложены сведения о химических свойствах углеводородных систем, описаны методы и способы поиска и разведки месторождений нефти и газа. Подробно рассмотрены вопросы ведения технологического процесса на установках первичной перегонки нефти и вторичных процессов переработки нефтяного сырья, пути повышения эффективности и направления совершенствования важнейших процессов нефтепереработки, переработки газов и газовых конденсатов. Пособие предназначено для студентов образовательных учреждений СПО, обучающихся по специальности «Переработка нефти и газа». | |
| 521 | 8 | |a Книга из коллекции Лань - Химия | |
| 653 | 0 | |a Технология и установки переработки нефти и газа; Ведение технологического процесса на установках i и ii категорий | |
| 100 | 1 | |a Агибалова Н. Н. | |
| 856 | 4 | |u https://e.lanbook.com/book/197697 | |
| 856 | 4 | 8 | |u https://e.lanbook.com/img/cover/book/197697.jpg |
| 953 | |a https://e.lanbook.com/img/cover/book/197697.jpg | ||